000 00307nam a22001097a 4500
008 160512b xxu||||| |||| 00| 0 eng d
020 _a0314044671
041 _aeng
080 _a612.39
245 _aAdvanced nutrition and human metabolism;
_cJames L. Groff; Sareen S. Gropper; Sara M. Hunt;
942 _2udc
_cBK
999 _c2132
_d2132